<?xml version="1.0" encoding="UTF-8"?>
<marc:record xmlns:marc="http://www.loc.gov/MARC21/slim">
   <marc:leader>00000nam a2200000 a 4500</marc:leader>
   <marc:datafield ind1="1" ind2=" " tag="100">
      <marc:subfield code="a">Schwabe, Mathias</marc:subfield>
      <marc:subfield code="4">aut</marc:subfield>
      <marc:subfield code="e">Verfasser/-in</marc:subfield>
   </marc:datafield>
   <marc:datafield ind1=" " ind2=" " tag="653">
      <marc:subfield code="a">Sozialpädagoge</marc:subfield>
   </marc:datafield>
   <marc:datafield ind1=" " ind2=" " tag="653">
      <marc:subfield code="a">Berufsbild; kritische Betrachtungen</marc:subfield>
   </marc:datafield>
   <marc:datafield ind1=" " ind2=" " tag="653">
      <marc:subfield code="a">Persönlichkeit</marc:subfield>
   </marc:datafield>
   <marc:datafield ind1="0" ind2="0" tag="245">
      <marc:subfield code="a">Die "dunklen Seiten de Sozialpädagogik</marc:subfield>
   </marc:datafield>
   <marc:datafield ind1="0" ind2="0" tag="245">
      <marc:subfield code="b">Über den Umgang mit Fehlern, Unvermögen, Ungewissheit, Ambivalenzen, Idealen und Destruktivität</marc:subfield>
   </marc:datafield>
   <marc:datafield ind1="0" ind2="0" tag="245">
      <marc:subfield code="c">Mathias Schwabe</marc:subfield>
   </marc:datafield>
   <marc:datafield ind1=" " ind2="1" tag="264">
      <marc:subfield code="a">Weinheim</marc:subfield>
      <marc:subfield code="b">Beltz / Juventa</marc:subfield>
      <marc:subfield code="c">2022</marc:subfield>
   </marc:datafield>
   <marc:datafield ind1=" " ind2=" " tag="250">
      <marc:subfield code="a">3</marc:subfield>
   </marc:datafield>
   <marc:datafield ind1="1" ind2=" " tag="520">
      <marc:subfield code="a">ozialpädagogInnen und SozialarbeiterInnen pflegen Ideale vom »guten Helfer« bzw. der »guten Helferin«. Gleichzeitig bleibt ihre Praxis oft weit dahinter zurück: Immer wieder stellen sie bei sich und anderen Fehler und Unvermögen fest. Einerseits nutzen sie diese Negativität als Ansporn für Lern- und Entwicklungsprozesse. Andererseits sorgen sie mit Hilfe ausgefeilter Strategien dafür, dass die eigenen »dunklen Seiten« verblassen, damit man selbst weiter daran glauben kann, »gut« zu sein. Das führt zu Leid am unerfüllten Ideal und zu Konflikten mit sich und anderen, in denen man sich aufreiben kann. Als Alternative zu diesen unergiebigen Prozessen bietet der Autor hier Ausstiegsoptionen an. Es kommt darauf an, die eigenen Ideale in Frage zu stellen, sie mit Ungewissheit und Ambivalenzen anzureichern. Alternative Helfer-Bilder können diesen Prozess unterstützen. Die Fehler-Freundlichkeit, die damit einhergeht, vermag zu einer Praxis führen, die zwar nie durchgängig gut, aber immer wieder »gut genug« sein kann.</marc:subfield>
   </marc:datafield>
   <marc:datafield ind1=" " ind2=" " tag="020">
      <marc:subfield code="a">9783779967101</marc:subfield>
      <marc:subfield code="9">9783779967101</marc:subfield>
   </marc:datafield>
   <marc:datafield ind1=" " ind2=" " tag="300">
      <marc:subfield code="a">420</marc:subfield>
   </marc:datafield>
</marc:record>
